zpět

Detail výsledku týmu

R.A.M., Jablonec nad Nisou

Datum a čas kvízu

32 Celkem bodů Celkový počet nahraných bodů na tomto kvízu bez doplňovacích otázek.
8. Pořadí na kvízu Konečné umístění týmu na tomto kvízu.

Zaznamenané odpovědi

# Otázka Odpověď Body Výsledky
1. V pondělí byly vyhlášeny výsle... motýle 0
2. Britský deník The Times zveřej... Mikuláš Minář 1
3. Nejvíce nominací na Ceny filmo... Staříci, Vlastníci 1
4. Česká obchodní inspekce řeší p... geoblocking 0
5. Kolik fanoušků sledovalo v Drá... 30 000 diváků 1
6. 1. ledna došlo ke zvýšení rodi... 300 000 Kč 1
7. V jednom z francouzských zámoř... Nová Kaledonie 0
8. 25. ledna začíná čínský rok __... kovové 0
9. Nejbezpečnějšími aerolinkami p... Qantas 1
10. Mezi 12. červnem a 12. červenc... Anglie, Chorvatsko 1